000 00694nam a2200229Ia 4500
005 20260430150733.0
008 008 250103s9999 xx 000 0 hin d
037 _aTheses
040 _aCRL
040 _bhin
040 _chin
041 _2hin
041 _ahin
084 _qCRL
100 _aसाक्षी सिंह, ले.
_9864819
245 0 _aहिन्दी दलित आलोचना के वैचारिक आयाम
260 _c2020
300 _a208पृ0
700 _aदिल्ली विश्वविद्यालय. कला संकाय. हिन्दी विभाग
942 _cTH
999 _c1850527
_d1850527